00795nam a2200241Ia 4500003000900000005001700009008004100026040001300067040001300080041000800093100002800101100001500129245010200144260003500246260000900281300001100290300001000301490002300311490000700334942001200341999001700353952018300370IT-RoPAU20220918175906.0120407s9999 xx 000 0 und d aIT-RoPAU cIT-RoPAU aita aJacques Dupont 921556 cosb921557 a"Il testamento pastorale di S. Paolo. Il discorso di Mileto (Atti 20, 18-36) Vers. di Rosadoni" aMilanobEdizioni Paolinec1967 c1967 a497 p. c19 cm aSit pax et veritas v24 cBK2ddc c35241d35241 00102ddc406208_24240000000000071aPAULUSbPAULUSd2012-04-11l0o208.2424r2012-04-11 00:00:00w2012-04-11yBKzInserito da: In data: n.d. fondo: Via A.Severo 56 Progr:14686